| 000 | 00506nam a2200169Ia 4500 | ||
|---|---|---|---|
| 001 | 62708 | ||
| 008 | 180125n ii |||gr||||Z||||||465 | ||
| 082 | _a297.54162 | ||
| 100 |
_aSaikia, Mohini Kumar, _eAuthor. |
||
| 245 | 0 |
_aAssam-muslim relation and its cultural significance _cby Mohini Kumar Saikia _hTextual Documents |
|
| 260 |
_aAssam: _bLuit Printers. |
||
| 300 |
_a311p: _c21cm. |
||
| 653 | _aIslamic study | ||
| 653 | _aAssam-muslim relation | ||
| 653 | _aAssam-muslim relation | ||
| 942 |
_2ddc _cBK |
||
| 999 |
_c63815 _d63815 |
||